000 00441nam a2200181Ia 4500
008 090123s9999 xx 000 0 und d
082 _b42414
100 _aदिवाण वृंदा
245 _aअस्त
250 _a1
260 _c2007
300 _a192
600 _aदिवाण वृंदा
630 _aअस्त
700 _aदिवाण वृंदा
730 _aअस्त
942 _cBOOK
999 _c80490
_d80490